| 000 | 00552nam a22001817a 4500 | ||
|---|---|---|---|
| 003 | OSt | ||
| 005 | 20180116182952.0 | ||
| 008 | 131204b xxu||||| |||| 00| 0 eng d | ||
| 020 | _a9788131755785 | ||
| 040 |
_a0 _c0 |
||
| 082 | _a658.1511 | ||
| 100 | _aV.Venkatasivakumar | ||
| 245 |
_aCost Accounting and Financial Management _bfor CA Integrated Professional competence Course (IPCC) _cV.Venkatasivakumar |
||
| 260 |
_aDelhi _bPearson _c2011 |
||
| 300 |
_aAprox 800p _bPB |
||
| 440 | _aCost Accounting and Financial Management | ||
| 942 |
_2ddc _cBK |
||
| 999 |
_c349539 _d349539 |
||